000 00503nam a2200181 a 4500
001 44304
005 20180714023122.0
008 140415s1957 000 0 spa d
041 _aspa
082 _a330.12
_bSAM
100 1 _aSAMUELSON, PAUL ANTHONY
245 1 0 _aFUNDAMENTOS DEL ANALISIS ECONOMICO
260 _a[s.l.] :
_bEL ATENEO,
_c1957
300 _a461
490 _aBIBLIOTECA DE CIENCIAS ENCONOMICAS, SECCION EC....
650 1 4 _aECONOMIA
700 1 _aBICIC, UROS
_etr.
999 _c44304
_d44304